EGAP - podpora vývozu se dále zdokonaluje
Rozširovanie a skvalitňovanie poisťovacích služieb českej Exportnej garančnej poisťovacej spoločnosti (EGAP) v rámci zmien v medzinárodných ekonomických vzťahoch. Poisťovacie produkty spoločnosti EGAP v oblasti zahraničného obchodu od začiatku jej pôsobenia. Zmeny v poisťovaní nadväzujúce na vládne...
Saved in:
| Main Author: | |
|---|---|
| Format: | Book Chapter |
| Language: | Czech |
| Subjects: | |
| Tags: |
No Tags, Be the first to tag this record!
|
MARC
| LEADER | 00000naa a2200000 4500 | ||
|---|---|---|---|
| 001 | r035430 | ||
| 005 | 20230908092602.4 | ||
| 041 | 0 | |a cze | |
| 044 | |a CZ | ||
| 245 | 1 | 0 | |a EGAP - podpora vývozu se dále zdokonaluje |c Arnošt Böhm |
| 520 | |a Rozširovanie a skvalitňovanie poisťovacích služieb českej Exportnej garančnej poisťovacej spoločnosti (EGAP) v rámci zmien v medzinárodných ekonomických vzťahoch. Poisťovacie produkty spoločnosti EGAP v oblasti zahraničného obchodu od začiatku jej pôsobenia. Zmeny v poisťovaní nadväzujúce na vládne uznesenie o posilnení podpory exportu v ČR. | ||
| 610 | 2 | 0 | |a podpora vývozu |
| 610 | 2 | 0 | |a poistenie |
| 610 | 2 | 0 | |a poistenie záujmov zahraničných |
| 610 | 2 | 0 | |a poisťovne |
| 610 | 2 | 0 | |a EGAP, a.s. Praha |
| 610 | 2 | 0 | |a riziko podnikateľské |
| 610 | 2 | 0 | |a obchod zahraničný |
| 610 | 2 | 0 | |a obchod medzinárodný |
| 610 | 2 | 0 | |a Česko |
| 100 | 1 | |a Böhm, Arnošt | |